[Event "Staunton Memorial 6th"]
[Site "London"]
[Date "2008.08.18"]
[Round "11"]
[White "Wade, Robert Graham"]
[Black "L'Ami, Erwin"]
[Result "0-1"]
[WhiteElo "2167"]
[BlackElo "2610"]
[PlyCount "78"]
[EventDate "2008.08.07"]
[EventType "tourn"]
[EventRounds "11"]
[EventCountry "ENG"]
[EventCategory "13"]
[SourceTitle "CBM 126"]
[Source "ChessBase"]
[SourceDate "2008.10.01"]
[SourceVersion "1"]
[SourceVersionDate "2008.10.01"]
[SourceQuality "1"]

1. e4 c5 2. b3 Nc6 3. Bb2 Nf6 4. Nc3 d6 5. Nf3 e5 6. Bb5 Bd7 7. Qe2 g6 8. Nd5 Bg7 9. Nxf6+ Qxf6 10. h3 0-0 11. d3 a6 12. Bc4 Qd8 13. 0-0 Ne7 14. c3 b5 15. Bd5 Nxd5 16. exd5 f5 17. c4 g5 18. Rae1 b4 19. Bc1 h6 20. Nh2 Qf6 21. Bb2 Qg6 22. g4 a5 23. Ra1 a4 24. a3 axb3 25. axb4 cxb4 26. Qd2 fxg4 27. hxg4 Rxa1 28. Rxa1 e4 29. Ra7 Bxb2 30. Qxb2 Qf6 31. d4 Qxf2+ 32. Qxf2 Rxf2 33. Rb7 b2 34. Rxb4 Rc2 35. Nf1 e3 36. Nxe3 Rc1+ 37. Kf2 b1Q 38. Rxb1 Rxb1 39. c5 Rb4 0-1

[Event "Staunton Memorial 6th"]
[Site "London"]
[Date "2008.08.08"]
[Round "2"]
[White "Wells, Peter K"]
[Black "Wade, Robert Graham"]
[Result "1-0"]
[WhiteElo "2526"]
[BlackElo "2167"]
[PlyCount "69"]
[EventDate "2008.08.07"]
[EventType "tourn"]
[EventRounds "11"]
[EventCountry "ENG"]
[EventCategory "13"]
[SourceTitle "CBM 126"]
[Source "ChessBase"]
[SourceDate "2008.10.01"]
[SourceVersion "1"]
[SourceVersionDate "2008.10.01"]
[SourceQuality "1"]

1. d4 d6 2. e4 c6 3. f4 Nf6 4. Nc3 Bg4 5. Qd3 d5 6. e5 Ne4 7. Nxe4 dxe4 8. Qxe4 e6 9. c3 Qb6 10. Bc4 Na6 11. h3 Bf5 12. Qe2 Nc7 13. Nf3 Be7 14. 0-0 h6 15. Nd2 0-0-0 16. a4 a5 17. Ne4 Nd5 18. Ng3 Bh7 19. f5 Bh4 20. fxe6 fxe6 21. Ne4 Be7 22. Rf7 Rhg8 23. Rxe7 Nxe7 24. Bxe6+ Kb8 25. Bxg8 Bxg8 26. Nc5 Nd5 27. e6 Qc7 28. Bd2 Re8 29. c4 Nf4 30. Qf2 g5 31. Bxf4 Qxf4 32. Qxf4+ gxf4 33. d5 cxd5 34. cxd5 Kc7 35. Ne4 1-0

[Event "EU-chT Seniors 10th"]
[Site "Dresden"]
[Date "2008.02.15"]
[Round "5.1"]
[White "Appelt, Gerd"]
[Black "Wade, Robert Graham"]
[Result "1/2-1/2"]
[WhiteElo "2046"]
[BlackElo "2155"]
[PlyCount "53"]
[EventDate "2008.02.11"]
[EventType "team-swiss"]
[EventRounds "9"]
[EventCountry "GER"]
[SourceTitle "CBM 122 Extra"]
[Source "ChessBase"]
[SourceDate "2008.03.04"]
[SourceVersion "1"]
[SourceVersionDate "2008.03.04"]
[SourceQuality "1"]
[WhiteTeam "Dresden Rotation"]
[BlackTeam "England II"]
[WhiteTeamCountry "GER"]
[BlackTeamCountry "ENG"]

1. e4 c6 2. d4 d5 3. e5 c5 4. c3 cxd4 5. cxd4 Nc6 6. Nc3 Bf5 7. Nge2 e6 8. Be3 Nge7 9. Nf4 a6 10. g4 Bg6 11. Be2 h6 12. a3 Bh7 13. f3 Ng6 14. Nh5 Ngxe5 15. dxe5 d4 16. Bf4 dxc3 17. Qxd8+ Rxd8 18. bxc3 Bg6 19. a4 Rd5 20. c4 Rd7 21. Rd1 Bb4+ 22. Kf2 Bc5+ 23. Be3 Bxe3+ 24. Kxe3 Rxd1 25. Rxd1 Bxh5 26. gxh5 Ke7 27. f4 1/2-1/2

[Event "EU-chT Seniors 10th"]
[Site "Dresden"]
[Date "2008.02.11"]
[Round "1.1"]
[White "Wade, Robert Graham"]
[Black "Sjostrom, Olle"]
[Result "1-0"]
[WhiteElo "2155"]
[BlackElo "2000"]
[PlyCount "85"]
[EventDate "2008.02.11"]
[EventType "team-swiss"]
[EventRounds "9"]
[EventCountry "GER"]
[SourceTitle "CBM 122 Extra"]
[Source "ChessBase"]
[SourceDate "2008.03.04"]
[SourceVersion "1"]
[SourceVersionDate "2008.03.04"]
[SourceQuality "1"]
[WhiteTeam "England II"]
[BlackTeam "Sweden III"]
[WhiteTeamCountry "ENG"]
[BlackTeamCountry "SWE"]

1. d4 Nf6 2. Nc3 d5 3. Bg5 c5 4. e3 Bf5 5. Bd3 Bxd3 6. Qxd3 c4 7. Qe2 e6 8. Nf3 Be7 9. 0-0 0-0 10. Ne5 Nbd7 11. f4 Nxe5 12. fxe5 Nd7 13. Bxe7 Qxe7 14. e4 Nb6 15. exd5 exd5 16. Qf3 Rad8 17. a4 f6 18. a5 fxe5 19. Qe2 Nc8 20. Rxf8+ Qxf8 21. Qxe5 Qf6 22. Re1 Qc6 23. Qg5 Qf6 24. Qe5 Qc6 25. h3 b6 26. axb6 Nxb6 27. Qg5 Qf6 28. Qxf6 gxf6 29. Re7 a5 30. Rb7 Rd6 31. Kf2 Nd7 32. Ra7 Kf7 33. Rxa5 Ke6 34. Ke3 Nf8 35. Nb5 Rc6 36. Ra6 Rxa6 37. Nc7+ Kd6 38. Nxa6 Ne6 39. c3 Nc7 40. Nxc7 Kxc7 41. Kf4 Kb6 42. Kf5 Kb5 43. Kxf6 1-0

[Event "BCF-chT4 0708 (4NCL)"]
[Site "England"]
[Date "2007.11.24"]
[Round "3.3"]
[White "Morris, Graham P"]
[Black "Wade, Robert Graham"]
[Result "0-1"]
[WhiteElo "2059"]
[BlackElo "2151"]
[PlyCount "126"]
[EventDate "2007.09.15"]
[EventType "team-swiss"]
[EventRounds "11"]
[EventCountry "ENG"]
[SourceTitle "EXT 2009"]
[Source "ChessBase"]
[SourceDate "2008.11.26"]
[SourceVersion "1"]
[SourceVersionDate "2008.11.26"]
[SourceQuality "1"]
[WhiteTeam "Oxford II"]
[BlackTeam "Athenaeum"]
[WhiteTeamCountry "ENG"]
[BlackTeamCountry "ENG"]

1. e4 e6 2. d3 d5 3. Nd2 dxe4 4. dxe4 Bd7 5. Ngf3 Bc5 6. Bc4 Nf6 7. 0-0 Bc6 8. Qe2 Nbd7 9. c3 a6 10. h3 b5 11. Bd3 Nh5 12. Nd4 Nf4 13. Qf3 Bxd4 14. cxd4 Nxd3 15. Qxd3 0-0 16. Qc3 Bb7 17. f3 f5 18. e5 Bd5 19. Nb3 c6 20. Nc5 a5 21. Be3 b4 22. Qc2 Nxc5 23. Qxc5 Rb8 24. b3 Rb5 25. Qc1 Qa8 26. Bg5 Qa7 27. Qd2 h6 28. Be3 Qf7 29. f4 Ra8 30. Rfc1 a4 31. Qb2 Qa7 32. Kh2 axb3 33. axb3 Ra5 34. Rxa5 Qxa5 35. Rc2 Qb5 36. Rc5 Qd3 37. Bd2 Qe2 38. Bc1 Ra2 39. Qxe2 Rxe2 40. Kg1 Rxg2+ 41. Kf1 Rg3 42. Ke2 Rxh3 43. Be3 Rh1 44. Bd2 Rb1 45. Bxb4 Rxb3 46. Bd2 Rb2 47. Rc1 g5 48. fxg5 hxg5 49. Rg1 Bc4+ 50. Kd1 g4 51. Rg3 Ra2 52. Rc3 Bd5 53. Bg5 Kf7 54. Kc1 Ra4 55. Rd3 Kg6 56. Bf4 Ra1+ 57. Kd2 Rf1 58. Bg3 Kg5 59. Rc3 f4 60. Be1 Rh1 61. Ke2 Kf5 62. Bf2 Ke4 63. Ra3 g3 0-1

[Event "EU-chT Seniors 09th"]
[Site "Dresden"]
[Date "2007.02.22"]
[Round "7"]
[White "Hoelzl, Franz"]
[Black "Wade, Robert Graham"]
[Result "1-0"]
[WhiteElo "2353"]
[BlackElo "2173"]
[PlyCount "49"]
[EventDate "2007.02.16"]
[EventType "team-swiss"]
[EventRounds "9"]
[EventCountry "GER"]
[SourceTitle "CBM 117 Extra"]
[Source "ChessBase"]
[SourceDate "2007.05.09"]
[SourceVersion "1"]
[SourceVersionDate "2007.05.09"]
[SourceQuality "1"]

1. d4 Nf6 2. Nf3 d5 3. c4 e6 4. Bg5 h6 5. Bxf6 Qxf6 6. Qb3 dxc4 7. Qxc4 Nc6 8. Nbd2 Bb4 9. Rd1 0-0 10. e3 Qe7 11. a3 Ba5 12. Be2 e5 13. d5 Nb8 14. 0-0 Nd7 15. Ne4 Bb6 16. b4 a5 17. d6 cxd6 18. Rxd6 axb4 19. axb4 Kh8 20. Rfd1 f5 21. Re6 Qf7 22. Nd6 Qg8 23. Nh4 Kh7 24. Ndxf5 Bd8 25. Ne7 1-0

[Event "Gibraltar Masters"]
[Site "Gibraltar"]
[Date "2007.01.24"]
[Round "2"]
[White "Wade, Robert Graham"]
[Black "Sandipan, Chanda"]
[Result "0-1"]
[WhiteElo "2173"]
[BlackElo "2561"]
[PlyCount "64"]
[EventDate "2007.01.23"]
[EventType "swiss"]
[EventRounds "9"]
[EventCountry "ENG"]
[SourceTitle "CBM 116 Extra"]
[Source "ChessBase"]
[SourceDate "2007.03.07"]
[SourceVersion "1"]
[SourceVersionDate "2007.03.07"]
[SourceQuality "1"]

1. d4 Nf6 2. c4 e6 3. Nf3 b6 4. e3 Bb7 5. Bd3 d5 6. 0-0 Be7 7. Nc3 0-0 8. Rb1 c5 9. a3 Nc6 10. cxd5 exd5 11. Ne5 Nxe5 12. dxe5 Ne8 13. f4 f5 14. b4 d4 15. Bc4+ Kh8 16. exd4 cxb4 17. axb4 Rc8 18. Qd3 Be4 19. Nxe4 fxe4 20. Qxe4 Rxc4 21. Be3 Nc7 22. Rfc1 Rxc1+ 23. Rxc1 Nd5 24. b5 Nxe3 25. Qxe3 g5 26. Rf1 Qd7 27. g3 Rd8 28. f5 Qxd4 29. Qxd4 Rxd4 30. Re1 Bc5 31. Re2 Rf4+ 32. Kg2 Rxf5 0-1

[Event "EU-chT Seniors 08th"]
[Site "Dresden"]
[Date "2006.02.21"]
[Round "5"]
[White "Rahls, Peter"]
[Black "Wade, Robert Graham"]
[Result "1-0"]
[WhiteElo "2334"]
[BlackElo "2171"]
[PlyCount "65"]
[EventDate "2006.02.17"]
[EventType "team-swiss"]
[EventRounds "8"]
[EventCountry "GER"]
[SourceTitle "CBM 111 Extra"]
[Source "ChessBase"]
[SourceDate "2006.05.09"]
[SourceVersion "1"]
[SourceVersionDate "2006.05.09"]
[SourceQuality "1"]
[WhiteTeam "Berlin"]
[BlackTeam "Great Britain II"]
[WhiteTeamCountry "GER"]
[BlackTeamCountry "GBR"]

1. e4 c5 2. c3 b6 3. d4 e6 4. Nf3 Bb7 5. Bd3 d6 6. 0-0 Be7 7. Re1 Nf6 8. Qe2 Nbd7 9. Nbd2 Qc7 10. Nf1 Rc8 11. Bf4 e5 12. Bg3 Nh5 13. dxe5 Nxg3 14. Nxg3 dxe5 15. Nf5 Bf6 16. Bb5 0-0 17. Rad1 Rcd8 18. Rd6 a6 19. Bxd7 Rxd7 20. Rxf6 gxf6 21. Qe3 Bxe4 22. Qxe4 Kh8 23. Ne3 b5 24. Nh4 Rg8 25. Nhf5 Qd8 26. c4 bxc4 27. Qxc4 Qa5 28. Rf1 Qb5 29. Qh4 Rg6 30. b3 Qb4 31. Qh3 Qd2 32. Nh4 Rg5 33. Nf3 1-0

[Event "Queenstown op"]
[Site "Queenstown"]
[Date "2006.01.24"]
[Round "10"]
[White "Lane, Nancy"]
[Black "Wade, Robert Graham"]
[Result "0-1"]
[WhiteElo "1978"]
[BlackElo "2171"]
[PlyCount "60"]
[EventDate "2006.01.15"]
[EventType "swiss"]
[EventRounds "10"]
[EventCountry "NZL"]
[SourceTitle "CBM 110 Extra"]
[Source "ChessBase"]
[SourceDate "2006.03.10"]
[SourceVersion "2"]
[SourceVersionDate "2006.03.10"]
[SourceQuality "1"]

1. d4 e6 2. Nf3 c5 3. e3 Nf6 4. Bd3 b6 5. Nbd2 Bb7 6. b3 Nc6 7. Bb2 Nb4 8. Be2 cxd4 9. exd4 Nbd5 10. 0-0 Bb4 11. Nc4 0-0 12. a3 Bc3 13. Qc1 Bxb2 14. Qxb2 Nf4 15. c3 Ba6 16. Bd1 d5 17. Qd2 Ng6 18. Nce5 Nxe5 19. Nxe5 Bxf1 20. Kxf1 Rc8 21. Rc1 Qd6 22. b4 Rc7 23. Be2 a5 24. Bd3 Ne4 25. Bxe4 dxe4 26. Qe3 axb4 27. axb4 f6 28. Ng4 h5 29. Nxf6+ Rxf6 30. Qxe4 Qxh2 0-1

[Event "Queenstown op"]
[Site "Queenstown"]
[Date "2006.01.17"]
[Round "3"]
[White "Wade, Robert Graham"]
[Black "Hecht, Hans Joachim"]
[Result "1/2-1/2"]
[WhiteElo "2171"]
[BlackElo "2388"]
[PlyCount "116"]
[EventDate "2006.01.15"]
[EventType "swiss"]
[EventRounds "10"]
[EventCountry "NZL"]
[SourceTitle "CBM 110 Extra"]
[Source "ChessBase"]
[SourceDate "2006.03.10"]
[SourceVersion "2"]
[SourceVersionDate "2006.03.10"]
[SourceQuality "1"]

1. d4 Nf6 2. Nc3 d5 3. Bg5 c5 4. Bxf6 gxf6 5. e4 dxe4 6. dxc5 f5 7. Qxd8+ Kxd8 8. 0-0-0+ Nd7 9. Bb5 e6 10. b4 Ke7 11. Nge2 Bg7 12. Nd4 Bxd4 13. Rxd4 Nf6 14. Be2 Rg8 15. g3 e5 16. Rd6 Be6 17. Rhd1 Rac8 18. Kb2 h5 19. a4 h4 20. a5 hxg3 21. hxg3 a6 22. Rb6 Rc7 23. c6 bxc6 24. Bxa6 Bc8 25. Bxc8 Rgxc8 26. Na4 Nd5 27. Nc5 Ke8 28. Rh1 Ke7 29. c3 Kf6 30. Rb7 Rxb7 31. Nxb7 e3 32. fxe3 Nxe3 33. a6 f4 34. gxf4 exf4 35. Kb3 Ke5 36. c4 f3 37. Nc5 Kf4 38. Nd3+ Ke4 39. Kc3 f5 40. Rh7 Nd1+ 41. Kd2 f2 42. Rh4+ Kf3 43. Rf4+ Kg2 44. Nxf2 Nxf2 45. Rxf5 Ra8 46. Rg5+ Kf3 47. Rf5+ Kg3 48. Ra5 Kf4 49. a7 Ne4+ 50. Kd3 Nd6 51. Ra6 Ke5 52. Kc3 Ke6 53. Rxc6 Kd7 54. Ra6 Nc8 55. c5 Rxa7 56. Rh6 Ra1 57. Kc4 Kc7 58. Rh7+ Kb8 1/2-1/2

[Event "EU-chT Seniors 07th"]
[Site "Dresden"]
[Date "2005.02.25"]
[Round "8"]
[White "Duemmke, Juergen"]
[Black "Wade, Robert Graham"]
[Result "1/2-1/2"]
[WhiteElo "2136"]
[BlackElo "2164"]
[PlyCount "30"]
[EventDate "2005.02.18"]
[EventType "team-swiss"]
[EventRounds "8"]
[EventCountry "GER"]
[SourceTitle "EXT 2006"]
[Source "ChessBase"]
[SourceDate "2005.11.24"]
[SourceVersion "1"]
[SourceVersionDate "2005.11.24"]
[SourceQuality "1"]

1. e4 c6 2. Nc3 d5 3. Nf3 g6 4. d3 Bg7 5. Qe2 Bg4 6. h3 Bxf3 7. Qxf3 e6 8. g3 Nd7 9. Bg2 Ngf6 10. 0-0 0-0 11. Qe2 dxe4 12. dxe4 e5 13. b3 Re8 14. Rd1 Qa5 15. Bb2 Nc5 1/2-1/2

[Event "EU-chT Seniors 07th"]
[Site "Dresden"]
[Date "2005.02.23"]
[Round "6"]
[White "Hampel, Johannes"]
[Black "Wade, Robert Graham"]
[Result "1-0"]
[WhiteElo "2188"]
[BlackElo "2164"]
[PlyCount "51"]
[EventDate "2005.02.18"]
[EventType "team-swiss"]
[EventRounds "8"]
[EventCountry "GER"]
[SourceTitle "EXT 2006"]
[Source "ChessBase"]
[SourceDate "2005.11.24"]
[SourceVersion "1"]
[SourceVersionDate "2005.11.24"]
[SourceQuality "1"]

1. d4 e6 2. c4 d5 3. Nc3 c5 4. cxd5 exd5 5. Nf3 Nc6 6. g3 Nf6 7. Bg2 Be7 8. 0-0 cxd4 9. Nxd4 0-0 10. Bg5 Be6 11. Rc1 h6 12. Be3 Ng4 13. Nxe6 fxe6 14. Bh3 h5 15. Bxg4 hxg4 16. Qa4 d4 17. Rcd1 Bc5 18. Nb5 dxe3 19. Rxd8 exf2+ 20. Kg2 Raxd8 21. Qxg4 Rf5 22. Nc3 Rd4 23. Qg6 Rf6 24. Qe8+ Kh7 25. Qh5+ Kg8 26. Qxc5 1-0

[Event "WchT Seniors 1st"]
[Site "Port Erin"]
[Date "2004.10.12"]
[Round "8.1"]
[White "Wade, Robert Graham"]
[Black "Vucenovic, Dragomir"]
[Result "1/2-1/2"]
[WhiteElo "2174"]
[BlackElo "2302"]
[PlyCount "24"]
[EventDate "2004.10.05"]
[EventType "team-swiss"]
[EventRounds "8"]
[EventCountry "IOM"]
[SourceTitle "CBM 102 Extra"]
[Source "ChessBase"]
[SourceDate "2004.11.03"]
[SourceVersion "1"]
[SourceVersionDate "2004.11.03"]
[SourceQuality "1"]
[WhiteTeam "England II"]
[BlackTeam "Switzerland"]
[WhiteTeamCountry "ENG"]
[BlackTeamCountry "SUI"]

1. d4 Nf6 2. Nc3 d5 3. Bg5 c6 4. Nf3 Nbd7 5. e3 e6 6. Bd3 Bb4 7. 0-0 c5 8. dxc5 Bxc3 9. bxc3 Qa5 10. c4 dxc4 11. Bxc4 Qxc5 12. Qd4 Qxd4 1/2-1/2

[Event "WchT Seniors 1st"]
[Site "Port Erin"]
[Date "2004.10.05"]
[Round "1.1"]
[White "Wade, Robert Graham"]
[Black "Reuben, Stewart"]
[Result "1/2-1/2"]
[WhiteElo "2174"]
[BlackElo "2150"]
[PlyCount "77"]
[EventDate "2004.10.05"]
[EventType "team-swiss"]
[EventRounds "8"]
[EventCountry "IOM"]
[SourceTitle "CBM 102 Extra"]
[Source "ChessBase"]
[SourceDate "2004.11.03"]
[SourceVersion "1"]
[SourceVersionDate "2004.11.03"]
[SourceQuality "1"]
[WhiteTeam "England II"]
[BlackTeam "England VI"]
[WhiteTeamCountry "ENG"]
[BlackTeamCountry "ENG"]

1. e4 c5 2. b3 Nc6 3. Bb2 d6 4. Bb5 Bd7 5. f4 Nf6 6. Qe2 Nd4 7. Bxd4 cxd4 8. Nf3 Qb6 9. Na3 Qc5 10. Bxd7+ Nxd7 11. Nc4 b5 12. Na5 Qb6 13. b4 g6 14. d3 Bg7 15. 0-0 0-0 16. e5 dxe5 17. Nxe5 Nxe5 18. fxe5 Rac8 19. a4 bxa4 20. Nc4 Qxb4 21. Rfb1 Qc5 22. Rxa4 Rb8 23. Rba1 Rb7 24. Qe4 Rfb8 25. Ra5 Rb1+ 26. Rxb1 Rxb1+ 27. Kf2 Qb4 28. Rxa7 Bh6 29. Qxd4 Qe1+ 30. Kf3 Qd1+ 31. Kg3 Qe1+ 32. Kh3 Bg5 33. Ra8+ Kg7 34. e6+ Bf6 35. exf7 Kxf7 36. Qe4 Qxe4 37. dxe4 Re1 38. Ra4 Re2 39. Nb6 1/2-1/2

[Event "BCF-chT2 0203 (4NCL)"]
[Site "West Bromwich"]
[Date "2003.05.04"]
[Round "10.3"]
[White "Wade, Robert Graham"]
[Black "Kett, Timothy"]
[Result "1/2-1/2"]
[WhiteElo "2213"]
[BlackElo "2197"]
[PlyCount "52"]
[EventDate "2002.11.??"]
[EventType "team"]
[EventRounds "11"]
[EventCountry "ENG"]
[SourceTitle "EXT 2004"]
[Source "ChessBase"]
[SourceDate "2003.11.25"]
[SourceVersion "1"]
[SourceVersionDate "2003.11.25"]
[SourceQuality "1"]
[WhiteTeam "Athenaeum"]
[BlackTeam "SW Dragons II"]
[WhiteTeamCountry "ENG"]
[BlackTeamCountry "ENG"]

1. d4 d5 2. Nc3 Nf6 3. Bg5 Nbd7 4. e3 g6 5. Nf3 Bg7 6. Ne5 c6 7. f4 Qb6 8. Rb1 Ne4 9. Nxe4 dxe4 10. Nc4 Qc7 11. c3 f6 12. Bh4 0-0 13. Nd2 e5 14. Bg3 exd4 15. f5 Qa5 16. cxd4 Nb6 17. fxg6 hxg6 18. Qb3+ Nd5 19. Bc4 Rf7 20. Qa3 Qxa3 21. bxa3 f5 22. Nb3 b6 23. h4 Be6 24. Bxd5 Bxd5 25. Bf4 Bf6 26. Kd2 Rc8 1/2-1/2

[Event "EU-chT Seniors 05th"]
[Site "Dresden"]
[Date "2003.02.24"]
[Round "2.3"]
[White "Wade, Robert Graham"]
[Black "Haakert, Juergen"]
[Result "0-1"]
[WhiteElo "2213"]
[BlackElo "2414"]
[PlyCount "128"]
[EventDate "2003.02.23"]
[EventType "team-swiss"]
[EventRounds "7"]
[EventCountry "GER"]
[SourceTitle "EXT 2005"]
[Source "ChessBase"]
[SourceDate "2004.11.15"]
[SourceVersion "1"]
[SourceVersionDate "2004.11.15"]
[SourceQuality "1"]

1. d4 f5 2. Nc3 Nf6 3. Bg5 d5 4. e3 Be6 5. Nh3 Bf7 6. Bxf6 exf6 7. Bd3 Qd7 8. Nf4 Nc6 9. Qf3 0-0-0 10. a3 Kb8 11. h4 h5 12. Nfe2 Ne7 13. Bb5 c6 14. Bd3 g6 15. b4 Nc8 16. 0-0 Nd6 17. Rfb1 Ne4 18. Bxe4 dxe4 19. Qg3+ Bd6 20. f4 exf3 21. Qxf3 Rhe8 22. b5 c5 23. b6 a6 24. Rd1 Qc6 25. Qxc6 bxc6 26. Kf2 cxd4 27. Rxd4 Bc5 28. Rxd8+ Rxd8 29. Na4 Be7 30. Nd4 Kb7 31. Rb1 Bxa3 32. Nb3 Bxb3 33. Rxb3 Be7 34. Ke2 Rd5 35. c4 Re5 36. Kf3 Ra5 37. Nb2 Ra3 38. Rxa3 Bxa3 39. Na4 c5 40. e4 fxe4+ 41. Kxe4 Kc6 42. Kf3 Bb4 43. Ke4 Be1 44. Kf3 Ba5 45. g4 hxg4+ 46. Kxg4 Bxb6 47. h5 f5+ 48. Kg5 gxh5 49. Kxf5 Bd8 50. Kf4 h4 51. Kf3 Bf6 52. Kf4 Bd8 53. Kg4 Kd6 54. Kf4 Be7 55. Nb6 a5 56. Nd5 Bd8 57. Nc3 Ke6 58. Na4 Be7 59. Nc3 h3 60. Kg3 Ke5 61. Nb5 Ke4 62. Na7 a4 63. Kxh3 Bf6 64. Nb5 Bb2 0-1

[Event "EU-chT Seniors 05th"]
[Site "Dresden"]
[Date "2003.02.23"]
[Round "1.3"]
[White "Neumann, Horst"]
[Black "Wade, Robert Graham"]
[Result "0-1"]
[WhiteElo "2018"]
[BlackElo "2213"]
[PlyCount "76"]
[EventDate "2003.02.23"]
[EventType "team-swiss"]
[EventRounds "7"]
[EventCountry "GER"]
[SourceTitle "EXT 2005"]
[Source "ChessBase"]
[SourceDate "2004.11.15"]
[SourceVersion "1"]
[SourceVersionDate "2004.11.15"]
[SourceQuality "1"]

1. d4 d6 2. Nf3 Bg4 3. Nbd2 Nd7 4. e3 e5 5. Be2 Ngf6 6. 0-0 Be7 7. h3 Bh5 8. Nh4 Bxe2 9. Qxe2 0-0 10. Nf5 g6 11. dxe5 dxe5 12. Nxe7+ Qxe7 13. e4 Nh5 14. g3 Qc5 15. Nb3 Qc6 16. Kh2 a5 17. Bh6 Rfe8 18. Rad1 a4 19. Nc1 Nc5 20. f3 Ne6 21. Be3 Rad8 22. Rxd8 Rxd8 23. Rd1 Rxd1 24. Qxd1 f5 25. exf5 gxf5 26. Bf2 Nf6 27. Be3 e4 28. f4 Nd5 29. Bg1 e3 30. Ne2 b5 31. c3 Qc4 32. b3 axb3 33. axb3 Qe4 34. c4 bxc4 35. bxc4 Qxc4 36. Nc1 Nd4 37. Qe1 Qc2+ 38. Kh1 Qe4+ 0-1